000 00623nam a2200229Ia 4500
003 OSt
005 20221007064557.0
006 a|||||r|||| 00| 0
007 ta
008 221006b |||||||| |||| 00| 0 eng d
024 _a12,436
037 _cReports / Technical Reports
040 _aFLL
_cFLL
_beng
041 _2eng
_aeng
082 _aV2:91:Z, M6.78
100 _aGanesan K. Au.
_9685994
245 0 _aElection law report
260 _aDelhi
_bIndia
_c1986
300 _a306p
_ccm.
942 _hV2:91:Z, M6.78
_cREP
_2CC
999 _c1134511
_d1134511